Paroles - Columbine - Château de sable - Statistiques

Statistiques générales
  • Ce quiz a été pris 17 fois
  • Le résultat moyen est 479 sur 974
Statistiques - réponses
Réponse % Correct
à
88%
a
88%
château
88%
de
88%
des
88%
Des
88%
fais
88%
Fais
88%
la
88%
"La
88%
88%
La
88%
là,
88%
là...
88%
là?
88%
me
88%
mon
88%
On
88%
on
88%
sa
88%
Si
88%
si
88%
ta
88%
tu
88%
Tu
88%
au
75%
ça
75%
Ça
75%
ça,
75%
d'sable
75%
d'sable,
75%
Elle
75%
elle
75%
fait
75%
J'ai
75%
j'ai
75%
ma
75%
m'a
75%
mes
75%
Mes
75%
pas
75%
Pas
75%
pas,
75%
pour
75%
que
75%
son
75%
son,
75%
Son
75%
sur
75%
T'as
75%
t'as
75%
te
75%
T'es
75%
tes
75%
t'es
75%
avec
63%
Ce
63%
c'est
63%
C'est
63%
dans
63%
Dans
63%
est
63%
faire
63%
Il
63%
il
63%
Ils
63%
ils
63%
l'ai
63%
le
63%
Le
63%
Mais
63%
mais
63%
mal...
63%
mal
63%
moi
63%
moi,
63%
ne
63%
63%
ou
63%
plus
63%
qu'il
63%
qu'on
63%
seul,
63%
sont
63%
toi
63%
ton
63%
tous
63%
tout
63%
trop
63%
vont
63%
vous
63%
adoucir
50%
bien
50%
bruit
50%
Columbine
50%
comme
50%
Comme
50%
comment
50%
d'la
50%
du
50%
en
50%
essayé,
50%
et
50%
Et
50%
être
50%
j'suis
50%
J'suis
50%
j'te
50%
J'te
50%
j'vais
50%
long
50%
meurs,
50%
mœurs
50%
moins
50%
mort
50%
Nan
50%
Nos
50%
peu
50%
plaît
50%
qu'a
50%
qu'à
50%
Quand
50%
quand
50%
quoi,
50%
quoi?"
50%
quoi?
50%
quoi
50%
réussi
50%
sais ?
50%
s'en
50%
Sous
50%
s'te
50%
toute
50%
un
50%
une
50%
va
50%
veux
50%
vie
50%
y
50%
15
38%
accompagné
38%
adieu
38%
Adieu
38%
aime
38%
amis,
38%
ans,
38%
arrive
38%
beau
38%
belle",
38%
belle
38%
besoin
38%
bizarre
38%
celles
38%
cheveux
38%
combien
38%
côte
38%
décorer
38%
dis
38%
dit
38%
dit,
38%
dit...
38%
enfant
38%
époque
38%
feu
38%
Foda,
38%
grave
38%
heure
38%
j'accuse
38%
J'avais
38%
J'entends
38%
j'entends
38%
J'fais
38%
j'fais
38%
joue
38%
jour
38%
juste
38%
J'veux
38%
larme,
38%
larme
38%
larmes
38%
les
38%
Les
38%
leur
38%
leurs
38%
longs,
38%
main
38%
main,
38%
m'analyser
38%
M'laisse
38%
musique,
38%
n'est
38%
n'importe
38%
noirs
38%
nous
38%
Oh
38%
paie
38%
pères
38%
peur
38%
pis
38%
plein,
38%
pleures
38%
pluie
38%
porte
38%
pote,
38%
potes
38%
premier
38%
qu'est-ce
38%
répète
38%
royaume
38%
sans
38%
s'arrête
38%
Sèche
38%
s'il
38%
soleil
38%
solo,
38%
sourire
38%
suce
38%
t'en
38%
T'en
38%
tête
38%
têtes
38%
tire
38%
tresses
38%
vas
38%
voix,
38%
y'a
38%
Y'a
38%
yeux
38%
2K16
25%
affaires
25%
ailleurs
25%
approche
25%
après?
25%
arrêté
25%
artiste
25%
Attends
25%
Attends-moi
25%
aujourd'hui
25%
aussi
25%
avance
25%
banale
25%
bande
25%
beaucoup
25%
best,
25%
bientôt
25%
billet
25%
bipolaire
25%
bitume
25%
blessures
25%
bleu
25%
bord,
25%
borgnes
25%
boulots
25%
branle
25%
brûlant
25%
bulle?
25%
cancers
25%
célèbres
25%
chambre,
25%
changé
25%
chaos
25%
chose
25%
choses
25%
ciao,
25%
ciel
25%
cigarette
25%
clair,
25%
coin
25%
commentaires
25%
compagnons
25%
concert,
25%
corps
25%
coups
25%
courte-paille
25%
craqué
25%
crépuscule
25%
croix,
25%
croyait
25%
culpabilises
25%
d'après
25%
d'artifice,
25%
d'avoir
25%
d'baiser
25%
d'bus
25%
d'détresse
25%
décidé
25%
décimé
25%
décisive
25%
déjà?
25%
demain
25%
d'être
25%
deux
25%
d'fortune
25%
d'heure
25%
diable
25%
différent,
25%
différents,
25%
différents
25%
dirai
25%
dire
25%
dise
25%
Disparaître
25%
disque
25%
d'jà
25%
d'l'œil
25%
d'maintenant,
25%
d'mande
25%
d'mandes
25%
d'm'isoler
25%
donc
25%
Donc
25%
Donne-moi
25%
d'où
25%
doute
25%
d'puis
25%
drôle
25%
d's'ennuyer
25%
d'signe
25%
d't'avoir
25%
d'temps
25%
d'une
25%
écoute
25%
entends
25%
erreurs,
25%
est-ce
25%
facile
25%
fame,
25%
faut
25%
Faut
25%
feintes
25%
fiche
25%
fils,
25%
fin
25%
finir
25%
fleurs
25%
fonce-dé
25%
f'ra
25%
f'ras
25%
frère
25%
fusée
25%
gens
25%
gomme
25%
grandi
25%
gris
25%
guette
25%
happy
25%
hasard
25%
histoire
25%
homme
25%
humble,
25%
ici
25%
j'aime
25%
jamais
25%
J'attends
25%
J'débute
25%
J'demande
25%
J'donne
25%
j'dors
25%
J'finis
25%
J'grandirai
25%
J'irai
25%
J'lâche
25%
j'lâche
25%
j'l'aurai
25%
J'les
25%
j'les
25%
j'lis
25%
j'm'amuse
25%
j'me
25%
J'me
25%
j'm'en
25%
J'pense
25%
J'prends
25%
j'prends
25%
j'rentre
25%
J'reprends
25%
J'reste
25%
j'reste
25%
j'sais
25%
J'serai
25%
j't'en
25%
J'tends
25%
J'traîne
25%
J'vois
25%
larges
25%
l'avait
25%
l'avance,
25%
l'ciel
25%
l'école,
25%
lendemain
25%
l'ennui
25%
l'équipe
25%
l'été,
25%
lèvres
25%
l'faire
25%
l'groupe
25%
l'hiver
25%
l'hôpital
25%
libre
25%
l'œil
25%
logiciel
25%
l'oreille
25%
l'passé
25%
l'point
25%
l'printemps
25%
l'reste
25%
l'roi
25%
l'temps,
25%
l'tour
25%
"Luji
25%
maison
25%
manqueras
25%
marqué?
25%
marrant
25%
maudit
25%
m'auras
25%
meilleur
25%
mêmes
25%
menteurs
25%
m'fait
25%
mieux
25%
mille
25%
minables,
25%
mis
25%
monde
25%
Monte
25%
montre
25%
morose
25%
mourir
25%
m'reposer
25%
N'oublie
25%
n's'arrête
25%
nuages
25%
n'y
25%
ombres
25%
oreille,
25%
oublient
25%
panser
25%
paralysé
25%
Pardon
25%
part
25%
partir
25%
partout
25%
passe
25%
passé,
25%
pause
25%
peine
25%
pèlerinage
25%
perdre
25%
perds
25%
Personne
25%
pied,
25%
place
25%
plains,
25%
plusieurs
25%
poche
25%
Pont
25%
pourront
25%
pourtant
25%
poussent
25%
prends
25%
pris
25%
problèmes
25%
p't'être
25%
p'tit,
25%
p'tit
25%
quartier
25%
qu'aucune
25%
qu'dans
25%
quelque
25%
quelques
25%
quittes
25%
qu'je
25%
qu'j't'aimais
25%
qu'j'vais
25%
rage
25%
raison,
25%
raisons
25%
r'demandes
25%
remise
25%
repart
25%
rêve
25%
riches
25%
Rien
25%
rien...
25%
rimer
25%
rimes
25%
rouge,
25%
rouge
25%
Rouge
25%
r'tard
25%
rue,
25%
rue
25%
salut,
25%
sauras
25%
scène
25%
s'connaissait
25%
secret
25%
selfie
25%
Sème
25%
s'enlacent
25%
sens
25%
sent
25%
sera
25%
s'est
25%
Sèvres
25%
siège
25%
s'inquiète
25%
Sonne
25%
sors
25%
sortir
25%
s'oublier
25%
souris
25%
souviennes
25%
s'plaindre
25%
street
25%
s'voir
25%
s'voit
25%
tant
25%
tape
25%
tard
25%
t'crois?
25%
team
25%
T'effaces
25%
temps
25%
tenace
25%
Terre,
25%
terrible
25%
ticket
25%
tomber,
25%
travail,
25%
trouverai
25%
veux-tu
25%
viennent
25%
Viens
25%
ville
25%
visage
25%
voir
25%
weekend
25%
"woohoo"
25%
y'en
25%
commencé
13%
l'appart',
13%
tour,
13%
tromper
13%
Sérénité,
0%
Aucun quiz correspondant
Distribution des résultats
% des personnes avec chaque résultat
Percentile par nombre de réponses
Votre historique - résultats
Vous n’avez pas pris ce quiz